000 00597cam a22002411 4500
001 sa 68009703
003 DLC
005 20260227112545.0
008 940831s1968 ii b 000 0 orio
010 _asa 68009703
025 _aPL480:I-O-903
035 _a(OCoLC)31039389
040 _aDLC
_cCU
_dCU
_dDLC
042 _apremarc
050 0 0 _aPK2571
_b.M62
100 1 _aMohanty, Janaki Ballabha,
_d1924-
245 1 0 _aKaḷā o kaḷākāra.
260 _c[1968]
300 _a254 p.
_c18 cm.
500 _aIn Oriya.
504 _aBibliographical footnotes.
650 0 _aPoets, Oriya.
999 _c83084
_d83084